Central Library OPAC University of Rajshahi

Jonson : (Record no. 17697)

MARC details
000 -LEADER
fixed length control field 00984nam a2200325 a 4500
001 - CONTROL NUMBER
control field 17697
003 - CONTROL NUMBER IDENTIFIER
rucl marc code BD-RjUL
005 - DATE AND TIME OF LATEST TRANSACTION
control field 20211209000159.0
008 - FIXED-LENGTH DATA ELEMENTS--GENERAL INFORMATION
fixed length control field 140217t1978 enk b 001 0 eng
020 ## - INTERNATIONAL STANDARD BOOK NUMBER
International Standard Book Number 0333192052
International Standard Book Number 0333192060 (pbk.)
035 ## - SYSTEM CONTROL NUMBER
System control number 0333192060
System control number (BD-RjUL)17755
040 ## - CATALOGING SOURCE
Original cataloging agency DLC
Transcribing agency DLC
Modifying agency m.c
-- BD-RjUL
Language of cataloging eng
041 ## - LANGUAGE CODE
Language code of text/sound track or separate title eng
082 04 - DEWEY DECIMAL CLASSIFICATION NUMBER
Classification number 822.3
Author mark and year JON 1978
245 00 - TITLE STATEMENT
Title Jonson :
Remainder of title Every man in his humour and The alchemist : a casebook /
Statement of responsibility, etc. edited by R. V. Holdsworth
260 ## - PUBLICATION, DISTRIBUTION, ETC. (IMPRINT)
Place of publication, distribution, etc. London :
Name of publisher, distributor, etc. Macmillan,
Date of publication, distribution, etc. 1978.
300 ## - PHYSICAL DESCRIPTION
Pagination 244 p. ;
Size 23 cm.
504 ## - BIBLIOGRAPHY, ETC. NOTE
Bibliography, etc Includes index.
600 10 - SUBJECT ADDED ENTRY--PERSONAL NAME
Personal name Jonson, Ben,
Dates associated with a name 1573?-1637
General subdivision Criticism and interpretation.
Personal name Jonson, Ben,
Dates associated with a name 1573?-1637.
Personal name Jonson, Ben,
Dates associated with a name 1573?-1637.
700 1# - ADDED ENTRY--PERSONAL NAME
Personal name Holdsworth, R. V.
830 #0 - SERIES ADDED ENTRY--UNIFORM TITLE
Uniform title Casebook series
942 ## - ADDED ENTRY ELEMENTS (KOHA)
Source of classification or shelving scheme Dewey Decimal Classification
Koha item type Books
Holdings
Lost status Source of classification or shelving scheme Damaged status Not for loan Collection code Permanent Location Current Location Shelving location Date acquired Source of acquisition Cost, normal purchase price Total Checkouts Full call number Date last seen Date checked out Copy number Koha item type
  Dewey Decimal Classification     Fiction Central Library, University of Rajshahi Central Library, University of Rajshahi   05/12/1996 Eoro pak dacca 452.00 1 822.3 JON 1978 14/05/2024 25/04/2024 C-2 Books
  Dewey Decimal Classification     Non-fiction Central Library, University of Rajshahi Central Library, University of Rajshahi     Heffer 2.75   822.3 JON 1978 21/11/2016   C-3 Books